Statistics for North American Sports Teams Starting with B, C, G, P and R

Click here to take the quiz!

General Stats

  • This quiz has been taken 117 times
  • The average score is 17 of 20

Answer Stats

Team% Correct
NFLBBuffalo Bills, Chicago Bears, Cincinnati Bengals, Cleveland Browns, Denver Broncos, Tampa Bay Buccaneers
99%
NFLCArizona Cardinals, Dallas Cowboys, Indianapolis Colts, Kansas City Chiefs, Los Angeles Chargers
97%
NFLRBaltimore Ravens, Los Angeles Rams, Oakland Raiders, Washington Redskins
97%
MLBRBoston Red Sox, Cincinnati Reds, Colorado Rockies, Kansas City Royals, Tampa Bay Rays, Texas Rangers
96%
NFLPCarolina Panthers, Green Bay Packers, New England Patriots
95%
NHLBBoston Bruins, Chicago Blackhawks, Columbus Blue Jackets, St. Louis Blues
94%
NBAPDetroit Pistons, Indiana Pacers, New Orleans Pelicans
91%
MLBPPhiladelphia Phillies, Pittsburgh Pirates, San Diego Padres
91%
NBACBoston Celtics, Cleveland Cavaliers, Los Angeles Clippers
90%
NHLPFlorida Panthers, Nashville Predators, Pittsburgh Penguins
90%
MLBCChicago Cubs, St. Louis Cardinals
88%
NBABChicago Bulls, Milwaukee Bucks
85%
NBARHouston Rockets, Toronto Raptors
83%
NHLCArizona Coyotes, Montreal Canadiens, Vancouver Canucks, Washington Capitals
82%
MLBBAtlanta Braves, Milwaukee Brewers, Toronto Blue Jays
82%
NFLGNew York Giants
82%
MLBGSan Francisco Giants
82%
NHLRDetroit Red Wings, New York Rangers
77%
NBAGMemphis Grizzlies
70%
NHLGVegas Golden Knights
57%

Score Distribution

Percentile by Number Answered

Percent of People with Each Score

Your Score History

You have not taken this quiz